Normal view
MARC view
- عبيد، محمد رشدي
Entry Personal Name
001 - CONTROL NUMBER
- control field: 14948
003 - CONTROL NUMBER IDENTIFIER
- control field: JO-AjAnu
005 - DATE AND TIME OF LATEST TRANSACTION
- control field: 20230606072703.0
008 - FIXED-LENGTH DATA ELEMENTS
- fixed length control field: 230606|| aca||aabn | a|a d
040 ## - CATALOGING SOURCE
- Original cataloging agency: JO-AjAnu
- Transcribing agency: JO-AjAnu
100 ## - HEADING--PERSONAL NAME
- Personal name: عبيد، محمد رشدي
670 ## - SOURCE DATA FOUND
- Source citation: Work cat.: (JO-AjAnu)7676: عبيد، محمد رشدي, author, الإيمان بالله جل جلاله في ضوء العلم والعقل